000 00713nam a2200229Ii 4500
003 JO-AjNU
008 230605s9999||||xx |||||||||||||| ||und||
017 _a1976/3648
020 _a977-201-103-2
040 _aJO-AjNU
_bara
_erda
_cJO-AjNU
041 _aara
050 1 4 _aJF1358.I27.1979
100 3 _aدرويش ، ابراهيم,
_eauthor
_939993
245 0 0 _aالادارة العامة نحو اتجاه مقارن
250 _aط2
264 3 1 _aمطابع الهيئة المصرية العامة للكتاب ، 1979
300 _a271ص
336 _atext
_btxt
_2rdacontent
337 _aunmediated
_bn
_2rdamedia
338 _avolume
_bnc
_2rdacarrier
650 4 _aادارة عامة
_939994
999 _aA16936
_c20504
_d20504